000
00229 a2200097 4500
020
_a
013429907027
041
_a
spa
100
_a
Jennyfer moore Mallinos
245
_a
Todos necesitamos que nos ayuden de vez en cuando
942
_c
K
999
_c
30482
_d
30480